000 00523nam a2200181Ia 4500
005 20250326125402.0
008 250326s9999 xx 000 0 und d
037 _aTextbook
040 _aFMSL
_beng
_cFMSL
041 _aeng
_2eng
084 _aX8(W6) K8;1
_qFMSL
100 _aFlanders A
245 0 _aExperiment in industrial democracy
_cFlanders A; Pomeranz R And Others
260 _aLondon
_bLondon, Faber And Faber
_c1968
300 _a261p
942 _cTB
_hX8(W6) K8;1
999 _c1277819
_d1277819